00162nam a2200061Ia 4500008004100000100002100041245003800062120527s9999 xx 000 0 und d aCooms, H. Robert aHandbook of drug abuse prevention